000 00351nam a22001457a 4500
003 MACL
005 20190420152123.0
008 190420b xxu||||| |||| 00| 0 eng d
040 _cMACL
100 _aLal ,Shyam
_918507
245 _aPolitics of the Untouchables
260 _aJaipur
_bRawat Pub
_c2016
650 _aPolitics
_974323
942 _2ddc
_cBK
999 _c59385
_d59385